000
00295nam a2200121Ia 4500
008
190216s9999||||xx |||||||||||||| ||und||
100
_a
Nirmala Prakash
245
0
_a
Differential Geometry
260
_b
Tata Mcgrawhill Publishers
_c
1985
300
_a
414p
650
_a
Mathematics
942
_c
BK
999
_c
30884
_d
30884